Top 105 Players With Most Premier Lague Goals Quiz Stats

Quiz not verified by Sporcle

Challenge
Share
Tweet
Embed
Score 0/105 Timer 15:00
0 Plays Today
Goals Player % Correct
260 Alan Shearer
93.2%
176Thierry Henry
92.4%
150Frank Lampard
90.3%
149Michael Owen
88.6%
144Wayne Rooney
88.6%
189Andrew Cole
86%
42Carlton Cole
84.7%
40Joe Cole
84.7%
163Robbie Fowler
83.9%
107Ryan Giggs
83.1%
112Jermain Defoe
80.9%
100Didier Drogba
80.5%
106Paul Scholes
79.2%
147Teddy Sheringham
78.4%
87Dennis Bergkamp
77.1%
89Steven Gerrard
76.7%
149Les Ferdinand
75.8%
113Ian Wright
75.4%
123Dwight Yorke
72.9%
126Robbie Keane
70.8%
111Emile Heskey
70.8%
72Fernando Torres
69.5%
100Darren Bent
66.1%
40Marcus Bent
66.1%
84Christiano Ronaldo
64.4%
123Nicolas Anelka
62.7%
111Dion Dublin
62.7%
92Kevin Phillips
62.7%
75Dimitar Berbatov
62.3%
88Kevin Davies
61.4%
62David Beckham
61.4%
128Jimmy F Hasselbaink
60.6%
73Carlos Tevez
60.6%
71Peter Crouch
58.9%
59Gianfranco Zola
58.1%
Goals Player % Correct
92Mark Viduka
56.4%
70Eric Cantona
55.5%
54Nwankwo Kanu
53.4%
91Ole Gunnar Solskjaer
52.1%
62Robert Pires
52.1%
85Louis Saha
51.7%
45Alan Smith
51.7%
63Mark Hughes
49.6%
95Yakubu
49.2%
79Emmanuel Adebayor
45.8%
51Andy Johnson
45.8%
57Harry Kewell
45.3%
83Chris Sutton
44.1%
68Duncan Ferguson
43.6%
58Niall Quinn
43.2%
90James Beattie
42.8%
101Matthew Le Tissier
41.1%
62Stan Collymore
40.3%
48Ian Rush
39%
95Ruud Van Nistelrooy
37.7%
79Craig Bellamy
36.9%
96Robin Van Persie
36%
52Danny Murphy
36%
53Gabriel Agbonlahor
35.6%
48Fredrik Ljungberg
34.3%
56Tim Cahill
33.9%
82Kevin Campbell
33.5%
41Paul Ince
33.5%
51Damien Duff
32.2%
50Clint Dempsey
31.4%
58Phil Beardsley
30.9%
51Kevin Nolan
30.9%
78Tony Cottee
30.5%
51Dirk Kuyt
30.1%
42Marian Pahars
28.4%
Goals Player % Correct
55John Hartson
28%
40Bobby Zamora
28%
63Dean Holdsworth
28%
55Eider Gudjohnsen
27.5%
41Steve McManaman
27.5%
46Gareth Barry
27.1%
81Gary Speed
26.3%
71Chris Armstrong
24.2%
44Juan Pablo Angel
24.2%
43Andrei Kanchelskis
23.3%
57Lee Bowyer
22.9%
70Brian Deane
22.9%
56Jason Euell
22.5%
40Shola Ameobi
22.5%
44Robbie Earle
22.5%
46Paul Merson
22%
56Kevin Gallacher
19.9%
52Efan Ekoku
19.9%
68Paolo Di Canio
19.9%
52Darius Vassell
19.1%
49Gary McAllister
19.1%
50Mark Bright
18.6%
44Dean Saunders
18.6%
45Rod Wallace
17.8%
54Gustavo Poyet
17.4%
49Noberto Solano
16.9%
39Matt Taylor
16.5%
43Federic Kanoute
16.1%
50Paulo Wanchope
14.8%
51Trevor Sinclair
14.4%
42Julian Joachim
11.4%
53Nick Barmby
11%
46Graham Stuart
8.9%
43David Hurst
8.9%
43Noel Whelan
8.5%

You're not logged in!

Compare scores with friends on all Sporcle quizzes.
Join for Free
OR
Log In

You Might Also Like...

Show Comments

Extras

Top Quizzes Today


Score Distribution

Your Account Isn't Verified!

In order to create a playlist on Sporcle, you need to verify the email address you used during registration. Go to your Sporcle Settings to finish the process.

Report this User

Report this user for behavior that violates our Community Guidelines.

Details: